000 00215nam a22001097a 4500
020 _a0-7214-26042
082 _a001
_bLAD/B
245 _aBIRDS STICKER BOOK
260 _aUK
_bLADYBIRD
650 _aGK
_zUK
942 _cBK
999 _c6224
_d6224